=LDR 00000nam 2200000 4500 =001 000819 =005 20250712120051 =035 ##$$a 0010-0725000689 =007 ta =008 250712################a##########0#ind## =020 ##$$a 978-623307-338-7 =082 ##$$a 398.209 598 =084 ##$$a 398.209 598 SWE s =100 #$$a Sweccha =245 1#$$a Sita dan Pensil Ungu /$c Sweccha =250 ##$$a Cetakan Kedua =260 ##$$a Jakarta :$b Badan Pengembangan dan Pembinaan Bahasa,$c 2024 =300 ##$$a 14 hlm. : $b ilus. ; $c 21 cm =650 #4$$a Cerita Anak Indonesia-Terjemahan =650 #4$$a Literasi-Bahan Bacaan =856 ##$$a TBM As Suhada =990 ##$$a TBM202400726